00397nam a2200157 a 45000010005000000030009000050080041000140400028000550820013000832450024000962600032001203000015001524900025001676500022001926500025002145305CO-ViMGA141112s2004 ck r 000 u spa d aCO-ViMGAbspacCO-ViMGA04a861 R65110aRomancero español aBarcelona : bLabor, c1988 a126 p : il aBolsillo juvenil, 7214aPOESIA ESPAÑOLA14aROMANCES ESPAÑOLES